[Event "COL-ch Physically limited 3rd"]
[Site "Colombia"]
[Date "2012.11.27"]
[Round "5.9"]
[White "Buenaventura, Edgar"]
[Black "Tarazona, Jorge Eduardo"]
[Result "1-0"]
[WhiteElo "1873"]
[BlackElo "1521"]
[PlyCount "81"]
[EventDate "2012.11.25"]
[EventType "swiss"]
[EventRounds "7"]
[EventCountry "COL"]
[SourceTitle "EXT 2024"]
[Source "ChessBase"]
[SourceDate "2023.10.10"]
[SourceVersion "1"]
[SourceVersionDate "2023.10.10"]
[SourceQuality "1"]

1. e4 d6 2. d4 Nf6 3. Bd3 c5 4. c3 Nc6 5. Ne2 Bg4 6. f3 Bh5 7. 0-0 e5 8. Be3 a6 9. d5 Ne7 10. b4 cxb4 11. cxb4 Rc8 12. Nd2 b5 13. a4 Rb8 14. axb5 g5 15. Qb3 Bh6 16. bxa6 Ra8 17. h4 Bg7 18. hxg5 Nd7 19. Nc4 Qc7 20. Rfc1 Qb8 21. b5 Nc5 22. Bxc5 dxc5 23. b6 0-0 24. Ng3 Bg6 25. Qb5 f5 26. Qxc5 fxe4 27. fxe4 Qd8 28. b7 Ra7 29. Qxa7 Nxd5 30. Ne3 Nf4 31. Bc4+ Kh8 32. b8Q Qxb8 33. Qxb8 Rxb8 34. a7 Ra8 35. Nd5 Be8 36. Nc7 Bc6 37. Nxa8 Bxa8 38. Bd5 Nxd5 39. Rc8+ Bf8 40. Rxf8+ Kg7 41. Rxa8 1-0

[Event "COL-ch Physically limited 3rd"]
[Site "Colombia"]
[Date "2012.11.26"]
[Round "3.4"]
[White "Buenaventura, Edgar"]
[Black "Dagua, David"]
[Result "1/2-1/2"]
[WhiteElo "1873"]
[BlackElo "1611"]
[PlyCount "60"]
[EventDate "2012.11.25"]
[EventType "swiss"]
[EventRounds "7"]
[EventCountry "COL"]
[SourceTitle "EXT 2024"]
[Source "ChessBase"]
[SourceDate "2023.10.10"]
[SourceVersion "1"]
[SourceVersionDate "2023.10.10"]
[SourceQuality "1"]

1. e4 e5 2. Nf3 Nc6 3. Bc4 Nf6 4. d3 d5 5. exd5 Nxd5 6. c3 Be6 7. b4 Be7 8. Qe2 0-0 9. Bd2 Nf4 10. Bxf4 Bxc4 11. dxc4 exf4 12. 0-0 Re8 13. Qc2 Bf6 14. a3 Qe7 15. Nbd2 Rad8 16. Rfe1 Ne5 17. Nxe5 Bxe5 18. Nf3 f6 19. c5 c6 20. Nxe5 fxe5 21. f3 Qg5 22. Rad1 h5 23. Rxd8 Rxd8 24. Rd1 Rxd1+ 25. Qxd1 h4 26. Qd7 Kh7 27. Kf2 Qg6 28. Qd2 Qf5 29. h3 e4 30. fxe4 Qxe4 1/2-1/2